000 00806cam a22002417a 4500
001 17508495
003 20160510120805.0
005 20240606080900.0
008 121025s2012 ii ab 000 0 eng d
040 _aSITPL
_cSITPL
_dBTCTA
_dDLC
042 _alccopycat
050 0 0 _aTX911.3.M27
_bS565 2013
100 1 _aAndrews Sudhir
245 1 0 _aFood and beverage service /
260 _aNew Delhi, India :
_bMc GrawHill,
_c2013.
300 _axxii, 683 p., 8 p. of plates :
_bill. (some col.), maps ;
_c24 cm.
504 _aIncludes bibliographical references (p. [676]) and index.
650 0 _aFood service management.
650 0 _aBeverage industry.
906 _a7
_bcbc
_ccopycat
_d2
_encip
_f20
_gy-gencatlg
942 _2lcc
_cBK
999 _c2743
_d2743